El sueño del celta de Mario Vargas Llosa: una investigación multidisciplinar Inger Enkvist
Guardado en:
| Hovedforfatter: | |
|---|---|
| Format: | Bog |
| Sprog: | Undetermined |
| Udgivet: |
San José, Costa Rica
Promesa
2013
|
| Serier: | Ensayo
13 |
| Fag: | |
| Tags: |
Tilføj Tag
Ingen Tags, Vær først til at tagge denne postø!
|
MARC
| LEADER | 00000nam a2200000Ia 4500 | ||
|---|---|---|---|
| 008 | 170316s9999 xx 000 0 und d | ||
| 999 | |c 30862 |d 30862 | ||
| 020 | |a 978-9968-41-233-9 | ||
| 040 | |a cru BVZT | ||
| 090 | |a 800-Su E-1s | ||
| 100 | |a Enkvist, Inger | ||
| 245 | |a El sueño del celta de Mario Vargas Llosa: una investigación multidisciplinar |b Inger Enkvist | ||
| 260 | |a San José, Costa Rica |b Promesa |c 2013 | ||
| 300 | |a 238 páginas | ||
| 490 | |a Ensayo |v 13 | ||
| 650 | 0 | |a OTRAS LITERATURAS |9 193 | |
| 650 | |a CRÍTICA | ||
| 650 | |a LITERATURA SUECA | ||
| 650 | |a ENSAYO | ||
| 650 | |a INVESTIGACIÓN LITERARIA | ||
| 942 | |c 15 D |h 800-Su E-1s |2 z | ||



